000 00476nam a2200181Ia 4500
003 GCL
008 140319s9999 xx 000 0 ara d
040 _aGCL /
_cGCL
082 0 4 _a810.8
_bم ا
100 1 _aمصطفى محمود
245 1 0 _aاكل عيش /
_cمصطفى محمود
300 _a130 ص
490 _aالكتاب الذهبى
_v0
650 0 4 _aالادب العربى
650 0 4 _aالقصص
650 0 4 _aالقصة العربية
942 _2ddc
_cBK
999 _c38372
_d38372